000 01342cam a22004214i 4500
003 PE-LiUPU
005 20250731173233.0
008 150625s r 000 0 d
035 _a(Sirsi) a34756
040 _aPE-LiUPU
_bspa
_cPE-LiUPU
_erda
082 0 4 _a262.131
_bCh36
_221
110 2 _aChenu, M. D.
_eautor
245 1 0 _aSanto Tomas de Aquino y la teologia /
_cM. D. Chenu.
264 1 _aMadrid :
_bAguilar S. A. de Ediciones,
_c1962
300 _a217 páginas,
_c18 centímetros
336 _atext
_2rdacontent
337 _aunmediated
_2rdamedia
338 _avolume
_2rdacarrier
526 _aSEG42
526 _aSEG41
526 _aSEG40
526 _aSEG39
526 _aP94
526 _aP87
526 _aP86
526 _aP85
526 _aP77
526 _aP76
526 _aP35
600 1 _aThomas de Aquino, Santo,
_d1225-1274
650 0 4 _aTomismo
910 _a
942 _2ddc
_cBOOK
949 _a262.131 Ch36
_wDEWEY
_c1
_i15935
_lCCODEBUL1
_mBUL
_p00.00
_r0
_sY
_tBOOK
_u2015-06-25
_xBIBLIOTECA
_zUNKNOWN
_0COMPRA
_o.STAFF. Colección Teología
596 _a1
999 _a262.131 CH36
_wDEWEY
_c42647
_i15935
_d42647
_e2017-10-29
_f2022-5-26
_g5
_lCCODEBUL1
_mBUL
_n3
_q2
_r1
_sY
_tBOOK
_u2015-6-25
_xTEOLOGIA
_PP35
_0COMPRA
_o.STAFF. Colección Teología
980 _81
_gALBERTO SANCHEZ Responsable de Automatización